| 000 | 00590nam a2200205 i 4500 | ||
|---|---|---|---|
| 001 | 38843 | ||
| 003 | ES-MaACL | ||
| 005 | 20250902063052.0 | ||
| 007 | t| | ||
| 008 | 030226s1985 sp ||||1| spa d | ||
| 020 | _a84-450-7051-7 | ||
| 100 | 1 |
_aCalvino, Italo, _d1923-1985 _9242175 |
|
| 245 | 1 | 0 |
_aTiempo cero / _cItalo Calvino ; [traducción Aurora Bernárdez]. |
| 250 | _a[1ª ed.]. | ||
| 260 |
_aBarcelona : _bMinotauro, _c1985. |
||
| 300 |
_a175 p. ; _c21 cm. |
||
| 700 | 1 |
_aBernárdez, Aurora. _928270 |
|
| 852 |
_aES-MaACL _jL-9522 _bR.111161 |
||
| 999 |
_c38843 _d38843 |
||